| 000 | 00398nam a2200145Ia 4500 | ||
|---|---|---|---|
| 999 |
_c203008 _d203008 |
||
| 041 | _aEnglish | ||
| 082 | _a630 | ||
| 082 | _bMIN/RE | ||
| 100 | _aMinistry of Agriculture and Irrigation | ||
| 245 | _aReport of the national commission on agriculture 1976 : Inputs part-10 * | ||
| 260 | _bMinistry of Agriculture and Irrigation | ||
| 260 | _c1976 | ||
| 650 | _aAgriculture | ||
| 942 | _cREF | ||